<?xml version="1.0" encoding="UTF-8"?>
<record
    xmlns:xsi="http://www.w3.org/2001/XMLSchema-instance"
    xsi:schemaLocation="http://www.loc.gov/MARC21/slim http://www.loc.gov/standards/marcxml/schema/MARC21slim.xsd"
    xmlns="http://www.loc.gov/MARC21/slim">

  <leader>01922nam a2200229Ia 4500</leader>
  <controlfield tag="003">OSt</controlfield>
  <controlfield tag="005">20250701161819.0</controlfield>
  <controlfield tag="008">191128s1973    ck a   er     000 p spa d</controlfield>
  <datafield tag="040" ind1=" " ind2=" ">
    <subfield code="a">CO-JMCR</subfield>
    <subfield code="c">CO-JMCR</subfield>
  </datafield>
  <datafield tag="041" ind1=" " ind2=" ">
    <subfield code="a">spa</subfield>
  </datafield>
  <datafield tag="082" ind1="0" ind2="4">
    <subfield code="a">A-P</subfield>
    <subfield code="b">HOMi</subfield>
  </datafield>
  <datafield tag="100" ind1="1" ind2=" ">
    <subfield code="a">Homero, </subfield>
    <subfield code="e">autor</subfield>
    <subfield code="9">544</subfield>
  </datafield>
  <datafield tag="245" ind1="1" ind2="3">
    <subfield code="a">La il&#xED;ada / </subfield>
    <subfield code="c">Homero ; adaptaci&#xF3;n Manuel Rojas</subfield>
  </datafield>
  <datafield tag="260" ind1=" " ind2=" ">
    <subfield code="a">Bogot&#xE1; : </subfield>
    <subfield code="b">Editora Zig-Zag, </subfield>
    <subfield code="c">1973.</subfield>
  </datafield>
  <datafield tag="300" ind1=" " ind2=" ">
    <subfield code="a">166 p&#xE1;ginas : </subfield>
    <subfield code="b">ilustraciones a blanco y negro ; </subfield>
    <subfield code="c">19 cm.</subfield>
  </datafield>
  <datafield tag="490" ind1="0" ind2=" ">
    <subfield code="a">Biblioteca familiar</subfield>
  </datafield>
  <datafield tag="505" ind1="0" ind2=" ">
    <subfield code="a">Homero y sus poemas -- Canto primero: La peste y la ira de Aquiles -- Canto segundo: Sue&#xF1;o de Agamen&#xF3;n -- Canto tercero: Juramentos -- Canto cuarto: Se violan los juramentos -- Canto quinto: Haza&#xF1;as de Di&#xF3;medes -- Canto sexto: H&#xE9;ctor y Andr&#xF3;maca -- Canto s&#xE9;ptimo: Duelo de H&#xE9;ctor y Ayax -- Canto octavo: Batalla que se interrumpe -- Canto noveno: Env&#xED;an una embajada a Aquiles -- Canto d&#xE9;cimo: Dolonia -- Canto Und&#xE9;cimo: Haza&#xF1;as de Agamen&#xF3;n -- Canto duod&#xE9;cimo: Combate en las murallas -- Canto decimotercero: Lucha junto a las naves -- Canto decimocuarto: Zeus, enga&#xF1;ado -- Canto decimoquinto: Nuevos combates -- Canto decimosexto: Muerte de Patroclo -- Canto decimos&#xE9;ptimo: Patroclo -- Canto decimoctavo: Fabricaci&#xF3;n de armas -- Canto decimonoveno: Aquiles olvida su rencor -- Canto vig&#xE9;simo: Los dioses y los guerreros -- Canto vig&#xE9;simo primero: La batalla y el rio -- Canto vig&#xE9;simo segundo: Muerte de H&#xE9;ctor -- Canto vig&#xE9;simo tercero: Juegos en honor de Patrocio -- Canto vig&#xE9;simo cuarto: Rescate del cuerpo de H&#xE9;ctor</subfield>
  </datafield>
  <datafield tag="520" ind1="3" ind2=" ">
    <subfield code="a">La Il&#xED;ada, compuesta en el siglo VIII a.C., narra una leyenda mic&#xE9;nica situada en el siglo XIII a.C., una "edad heroica" dominada por los aspectos militares, el individualismo desenfrenado y la persecuci&#xF3;n de la riqueza y la gloria.</subfield>
  </datafield>
  <datafield tag="650" ind1="1" ind2="4">
    <subfield code="a">Poes&#xED;a &#xE9;pica.</subfield>
    <subfield code="9">545</subfield>
  </datafield>
  <datafield tag="700" ind1=" " ind2=" ">
    <subfield code="a">Rojas, Manuel, </subfield>
    <subfield code="e">adaptaci&#xF3;n</subfield>
    <subfield code="9">9193</subfield>
  </datafield>
  <datafield tag="942" ind1=" " ind2=" ">
    <subfield code="2">ddc</subfield>
    <subfield code="c">BK</subfield>
  </datafield>
  <datafield tag="999" ind1=" " ind2=" ">
    <subfield code="c">3259</subfield>
    <subfield code="d">3259</subfield>
  </datafield>
  <datafield tag="952" ind1=" " ind2=" ">
    <subfield code="0">0</subfield>
    <subfield code="1">0</subfield>
    <subfield code="2">ddc</subfield>
    <subfield code="4">0</subfield>
    <subfield code="7">0</subfield>
    <subfield code="8">FIC</subfield>
    <subfield code="a">CPL</subfield>
    <subfield code="b">CPL</subfield>
    <subfield code="d">2019-11-28</subfield>
    <subfield code="e">Donaci&#xF3;n</subfield>
    <subfield code="l">1</subfield>
    <subfield code="o">A-P HOMi</subfield>
    <subfield code="p">201506993</subfield>
    <subfield code="r">2023-05-23 00:00:00</subfield>
    <subfield code="s">2023-05-19</subfield>
    <subfield code="t">Ej.1</subfield>
    <subfield code="y">BK</subfield>
  </datafield>
</record>
